Le sauteur de Beaucaton

Guardat en:
Dades bibliogràfiques
Autor principal: Rossin, Claude
Format: Llibre
Idioma:Undetermined
Publicat: Quebec, Canadá Leméac 1974
Matèries:
Etiquetes: Afegir etiqueta
Sense etiquetes, Sigues el primer a etiquetar aquest registre!

MARC

LEADER 00000nam a2200000Ia 4500
008 170316s9999 xx 000 0 und d
040 |a cru BVZT 
090 |a 818 R-10s 
100 |a Rossin, Claude 
245 |a Le sauteur de Beaucaton 
260 |a Quebec, Canadá 
260 |b Leméac 
260 |c 1974 
300 |a 99 páginas 
650 |a LITERATURA CANADIENSE 
999 |c 6623  |d 6623 
942 |c 15 D  |h 818 R-10s  |2 z